Al-mu'in Al-mubin : jilid 1 & jilid 2

Bibliographic Details
Main Author: Abdul Hamid Hakim
Other Authors: Noraine Abu, Syarif Zaini Daud
Format: Book
Published: Kuala Lumpur : Al-hidayah Publishers , 2006
Subjects:

MARC

LEADER 00000cam a2200000 7i4500
001 0000029937
005 20100929.0
008 100929
020 |a 9830997057 
090 0 0 |a 297.5   |b ABD 
100 1 |a Abdul Hamid Hakim 
245 1 0 |a Al-mu'in Al-mubin :   |b jilid 1 & jilid 2   |c Abdul Hamid Hakim 
260 |a Kuala Lumpur :   |b Al-hidayah Publishers ,   |c 2006 
650 0 |a Islam   |x custom & practices 
650 0 |a Islam   |x doctrines 
700 1 |a Noraine Abu 
700 1 |a Syarif Zaini Daud 
999 |a 0001059156   |b Book   |c Adult Collection   |e Perbadanan Perpustakaan Awam Johor